Statistiques concernant Limites des principales façades industrialo-portuaires mondiales - Carte quiz

Cliquez ici pour prendre le quiz!

Statistiques générales

  • Ce quiz a été pris 220 fois
  • Le résultat moyen est 9 sur 10

Réponses sur la Carte

Les réponses sont colorées sur une échelle allant du rouge au vert en fonction du pourcentage des utilisateurs qui les ont devinées à leur premier essai. Vous pouvez retrouver ces pourcentages ci-dessous.
 

Statistiques - réponses

Réponse% Correct
Canal de Suez
95%
Estuaire du Saint-Laurent
94%
Golfe du Mexique
94%
Détroit de Gibraltar
93%
Hambourg
90%
Los Angeles
90%
Le Havre
88%
Singapour
87%
Seattle
86%
Corée du Sud
85%

Distribution des résultats

Percentile par nombre de réponses

% des personnes avec chaque résultat

Votre développement - résultats

Vous n’avez pas pris ce quiz